|
|
|
|
| LEADER |
01331nab#a2200325#ar4500 |
| 001 |
000062049 |
| 003 |
SVKKK |
| 005 |
20080130134223.0 |
| 008 |
060725c xo e huno |
| FMT |
|
|
|
| 038 |
|
|
|a SVKKK
|
| 040 |
|
|
|a SVKKK
|b slo
|e AACR2
|
| 041 |
0 |
|
|a hun
|
| 044 |
|
|
|a xo
|c SK
|
| 080 |
|
|
|a 284.2
|
| 242 |
1 |
0 |
|a Voľba evanjelického reformovaného biskupa
|
| 245 |
0 |
0 |
|a Református püspökválasztás
|
| 520 |
2 |
|
|a Po smrti evanjelického reformovaného biskupa Istvána Fejesa kandidovali na uvoľnený biskupský stolec István Tudős, senior z Miskolca (MR) a Kálmán Révész, košický senior. Neskôr ohlásil svoju kandidatúru György Radácsy. Keďže István Tüdős nezískal nadpolovičnú väčšinu, na mimoriadnom sneme sa dohodlo, že budú znovu vypísané voľby a jednotlivé farnosti a senioráty nahlásia svojho kandidáta
|
| 650 |
0 |
4 |
|a cirkev evanjelická reformovaná - Predtisský dištrikt - zhromaždenie mimoriadne - biskup - voľby - priebeh - polemiky - Miskolc (MR) - 15.01.1914 - informácie
|
| 773 |
0 |
|
|t Rozsnyói Hiradó
|g Roč. 37, č. 3 (18.01.1914) s. 3
|
| 957 |
|
|
|a Gemersko-malohontská župa
|
| 957 |
|
|
|a Košice
|
| 957 |
|
|
|a Miskolc (MR)
|
| 958 |
|
|
|a CI
|
| 958 |
|
|
|a DG
|
| 958 |
|
|
|a SK
|
| 974 |
|
|
|a ebl
|d 19960531
|
| 992 |
|
|
|a RBX
|
| BAS |
|
|
|
| 998 |
|
|
|a RETRO
|